000 00797nam a2200217 i 4500
001 26215
003 ES-MaACL
005 20260213172531.0
007 t|
008 030108s1952 sp ||||1| spa d
100 1 _aAlmagro Basch, Martín.
_920073
245 1 0 _aCerámica /
_cMartín Almagro Basch ; Prólogo de Juan Ainaud de Lasarte ; Introducción por Martín Almagro Basch.
260 _aBarcelona :
_b[s.n.,
_c1952] (
_fHija de J. Ferrer Coll, imp)
300 _a66 p., 78 lám. ;
_c25 cm.
505 8 _aContiene: I. Aragon-Muel / por Martín María Almagro Basch y Luis Mª Lluviá Munné
700 1 _aAinaud de Lasarte, Joan,
_d1919-1995
_918980
700 1 _aLluviá Munné, Luis María.
_972979
740 0 _aAragon-Muel.
852 _aES-MaACL
_jE-4543
999 _c26215
_d26215